[Event "9th Aeroflot Open A"]
[Site "Moscow RUS"]
[Date "2010.02.12"]
[Round "4"]
[White "Cheparinov, I."]
[Black "Le Quang Liem"]
[Result "1/2-1/2"]
[WhiteElo "2660"]
[BlackElo "2647"]
[PlyCount "103"]
[EventDate "2010.02.09"]

1. e4 c6 2. d4 d5 3. Nc3 dxe4 4. Nxe4 Bf5 5. Ng3 Bg6 6. h4 h6 7. Nf3 Nd7 8. h5
Bh7 9. Bd3 Bxd3 10. Qxd3 e6 11. Bd2 Ngf6 12. O-O-O Be7 13. Kb1 O-O 14. Ne4 c5
15. g4 Nxg4 16. Qe2 f5 17. Nxc5 Nxc5 18. dxc5 Qc8 19. Bc3 Rf7 20. Rhg1 Qxc5 21.
Nd4 Qe5 22. Qxe5 Nxe5 23. Nxe6 Bf6 24. Bxe5 Bxe5 25. Rd5 Bh2 26. Rg6 Re8 27. a4
Bb8 28. f3 f4 29. Rd4 Kh7 30. Re4 Ree7 31. Rd4 Rf5 32. Rd8 Bc7 33. Rc8 Rxh5 34.
Nf8+ Kg8 35. Ne6+ Kh7 36. Nf8+ Kg8 37. Rg1 Kf7 38. Ng6 Rd7 39. Rf8+ Ke6 40.
Rxf4 Bd6 41. Re1+ Kd5 42. Rd1+ Ke6 43. Nf8+ Ke7 44. Re1+ Kd8 45. Ne6+ Kc8 46.
Rc4+ Bc7 47. Nf8 b5 48. axb5 Rf7 49. Ne6 Rxb5 50. Nc5 Bg3 51. Re8+ Kc7 52. Rg8
1/2-1/2

[Event "9th Aeroflot Open A"]
[Site "Moscow RUS"]
[Date "2010.02.12"]
[Round "4"]
[White "Nguyen Ngoc Truong Son"]
[Black "Timofeev, Arty"]
[Result "1-0"]
[WhiteElo "2616"]
[BlackElo "2652"]
[PlyCount "107"]
[EventDate "2010.02.09"]

1. b3 e5 2. Bb2 d6 3. e3 Nf6 4. c4 Be7 5. Nc3 O-O 6. Nf3 Re8 7. Be2 Bf8 8. O-O
c5 9. Ng5 Bf5 10. f4 exf4 11. Rxf4 Bg6 12. h4 Nbd7 13. h5 Nxh5 14. Nxf7 Bxf7
15. Bxh5 g6 16. Bf3 Rb8 17. Bxb7 Ne5 18. Bd5 Bxd5 19. Nxd5 Bg7 20. Qe2 Qg5 21.
Raf1 Rf8 22. Qf2 h5 23. Bxe5 Qxe5 24. Qh4 Rxf4 25. Qxf4 Qxf4 26. Nxf4 Kh7 27.
Ne6 Kg8 28. Nf4 Kh7 29. Nd5 Rb7 30. Rf4 a5 31. Re4 Be5 32. d4 Bg7 33. dxc5 dxc5
34. Re6 a4 35. bxa4 Ra7 36. Nb6 Ra6 37. Kf2 Kh6 38. Kf3 Bc3 39. Rd6 Be5 40. Rd5
Bc3 41. Rd3 Bb4 42. Rd6 Kg5 43. Nc8 Rxa4 44. Ne7 h4 45. Rxg6+ Kh5 46. Rd6 Rxa2
47. Nd5 Rc2 48. e4 Bd2 49. e5 Bg5 50. e6 Rxc4 51. e7 Bxe7 52. Nxe7 Kg5 53. Rd5+
Kf6 54. Nf5 1-0

[Event "9th Aeroflot Open A"]
[Site "Moscow RUS"]
[Date "2010.02.12"]
[Round "4"]
[White "Mamedov, Rau"]
[Black "Bacrot, E."]
[Result "1/2-1/2"]
[WhiteElo "2640"]
[BlackElo "2713"]
[PlyCount "59"]
[EventDate "2010.02.09"]

1. c4 Nf6 2. Nc3 e5 3. Nf3 Nc6 4. g3 d5 5. cxd5 Nxd5 6. d3 Nb6 7. Bg2 Be7 8.
O-O O-O 9. Be3 Re8 10. Rc1 Bf8 11. a4 a5 12. Nb5 Nd5 13. Bc5 Bxc5 14. Rxc5 Ndb4
15. Qc1 Bg4 16. h3 Bh5 17. Rd1 Qe7 18. d4 Bxf3 19. Bxf3 exd4 20. Nxd4 Rad8 21.
Nb3 Rxd1+ 22. Qxd1 Rd8 23. Qc1 Rd7 24. Kg2 g6 25. Qf4 Rd1 26. Qc4 Ne5 27. Qc3
Nbc6 28. Rd5 Rxd5 29. Bxd5 Qd6 30. e4 1/2-1/2

[Event "9th Aeroflot Open A"]
[Site "Moscow RUS"]
[Date "2010.02.12"]
[Round "4"]
[White "Bu Xiangzhi"]
[Black "Khalifman, A."]
[Result "1/2-1/2"]
[WhiteElo "2673"]
[BlackElo "2616"]
[PlyCount "54"]
[EventDate "2010.02.09"]

1. Nf3 Nf6 2. c4 c5 3. Nc3 Nc6 4. g3 g6 5. Bg2 Bg7 6. d4 cxd4 7. Nxd4 O-O 8.
O-O Nxd4 9. Qxd4 d6 10. Qd3 a6 11. Bd2 Bd7 12. Rac1 Bc6 13. b3 Bxg2 14. Kxg2
Qd7 15. Rfd1 b5 16. cxb5 axb5 17. Qxb5 Qxb5 18. Nxb5 Rxa2 19. Nd4 Ne4 20. Be3
Bxd4 21. Rxd4 f5 22. Kf1 Rb2 23. Rc7 Kf7 24. f3 Nf6 25. Bg5 Ke6 26. Bxf6 Rxf6
27. Rd3 Ke5 1/2-1/2

[Event "9th Aeroflot Open A"]
[Site "Moscow RUS"]
[Date "2010.02.12"]
[Round "4"]
[White "Kobalia, M."]
[Black "Najer, E."]
[Result "1/2-1/2"]
[WhiteElo "2637"]
[BlackElo "2665"]
[PlyCount "27"]
[EventDate "2010.02.09"]

1. e4 e5 2. Nf3 Nc6 3. Bb5 a6 4. Bxc6 dxc6 5. O-O Bg4 6. h3 h5 7. d3 Qf6 8. Be3
Bxf3 9. Qxf3 Qxf3 10. gxf3 Bd6 11. Nd2 Ne7 12. Rfb1 a5 13. a4 c5 14. Nc4
1/2-1/2

[Event "9th Aeroflot Open A"]
[Site "Moscow RUS"]
[Date "2010.02.12"]
[Round "4"]
[White "Khairullin, I."]
[Black "Vescovi, G."]
[Result "1/2-1/2"]
[WhiteElo "2605"]
[BlackElo "2660"]
[PlyCount "111"]
[EventDate "2010.02.09"]

1. Nf3 Nf6 2. g3 d5 3. Bg2 c6 4. O-O Bf5 5. d3 h6 6. Nfd2 e6 7. e4 Bh7 8. Qe2
Be7 9. Nc3 O-O 10. f4 c5 11. exd5 exd5 12. g4 Nc6 13. g5 Nd4 14. Qd1 hxg5 15.
fxg5 Nd7 16. Nxd5 Bxg5 17. Nf3 Bxc1 18. Rxc1 Nb6 19. Nc3 c4 20. dxc4 Nxf3+ 21.
Rxf3 Nxc4 22. Qxd8 Raxd8 23. b3 Na3 24. Rf2 Nxc2 25. Rfxc2 Bxc2 26. Rxc2 Rd7
27. Re2 Rfd8 28. Kf2 b6 29. Bc6 Rd2 30. Be4 g6 31. Nb5 R8d7 32. Bc6 Rxe2+ 33.
Kxe2 Re7+ 34. Kf2 Kg7 35. Bg2 f5 36. Nd4 Kf6 37. h3 Rc7 38. Nc6 Ke6 39. b4 Kd6
40. b5 Kc5 41. a4 g5 42. Kg3 Rd7 43. Bf3 Rd3 44. Nxa7 Ra3 45. Nc6 g4 46. hxg4
fxg4 47. Kxg4 Rxa4+ 48. Kf5 Kxb5 49. Ne5 Ra3 50. Be2+ Kc5 51. Ke4 b5 52. Bxb5
Kxb5 53. Kd4 Rh3 54. Nd3 Rh4+ 55. Kd5 Rh3 56. Ke4 1/2-1/2

[Event "9th Aeroflot Open A"]
[Site "Moscow RUS"]
[Date "2010.02.12"]
[Round "4"]
[White "Nepomniachtchi, I."]
[Black "Zhou Weiqi"]
[Result "1-0"]
[WhiteElo "2658"]
[BlackElo "2600"]
[PlyCount "95"]
[EventDate "2010.02.09"]

1. e4 c5 2. Nf3 Nc6 3. d4 cxd4 4. Nxd4 Nf6 5. Nc3 e5 6. Ndb5 d6 7. Bg5 a6 8.
Na3 b5 9. Nd5 Be7 10. Bxf6 Bxf6 11. c4 b4 12. Nc2 O-O 13. g3 Bg5 14. Bg2 Qa5
15. b3 Qc5 16. Qh5 f6 17. Rd1 Bh6 18. Bh3 Bxh3 19. Qxh3 Ra7 20. O-O Raf7 21.
Rd3 f5 22. Rf3 f4 23. g4 Bg5 24. Rd1 g6 25. Qf1 a5 26. Kg2 Bh4 27. Rdd3 Ra8 28.
Rd2 Bg5 29. Qh1 Bh4 30. Qd1 Bg5 31. Re2 a4 32. Rd2 Rb7 33. Ne1 axb3 34. axb3
Ra3 35. Rfd3 Bd8 36. Nf3 Rf7 37. h4 h6 38. Qh1 Qa7 39. Qh3 Kg7 40. g5 Nd4 41.
Nxd4 exd4 42. gxh6+ Kxh6 43. Rf3 Ra1 44. Rxf4 Rxf4 45. Nxf4 Qe7 46. Rxd4 Qf6
47. Qg4 Re1 48. c5 1-0

[Event "9th Aeroflot Open A"]
[Site "Moscow RUS"]
[Date "2010.02.12"]
[Round "4"]
[White "Sjugirov, S."]
[Black "Efimenko, Z."]
[Result "1-0"]
[WhiteElo "2610"]
[BlackElo "2657"]
[PlyCount "117"]
[EventDate "2010.02.09"]

1. e4 e5 2. Nf3 Nc6 3. Bb5 a6 4. Ba4 Nf6 5. O-O Be7 6. Re1 b5 7. Bb3 d6 8. c3
O-O 9. h3 Na5 10. Bc2 c5 11. d4 Qc7 12. d5 Bd7 13. b3 Nb7 14. Nbd2 g6 15. a4
Nh5 16. Nf1 Rfb8 17. axb5 axb5 18. Be3 Ra5 19. Qd2 Rba8 20. Rxa5 Rxa5 21. Bb1
Ra8 22. b4 Bf6 23. Rc1 Bg7 24. Ng3 Nf6 25. Bd3 c4 26. Bb1 Qb8 27. Ne1 Qe8 28.
f4 exf4 29. Bxf4 Bc8 30. Nf3 Nd7 31. Ne2 Ne5 32. Ned4 Bd7 33. Bh6 Bxh6 34. Qxh6
f6 35. Kh1 Nd8 36. Ng1 Ndf7 37. Qe3 Ng5 38. Nge2 Qf8 39. Rf1 Qe7 40. Nf4 Ra1
41. Kg1 Qe8 42. Qe2 Ra3 43. Qb2 Ra7 44. Qd2 Ra1 45. Qf2 Ra3 46. Nfe6 Nxe6 47.
dxe6 Bxe6 48. Qxf6 Bd7 49. Ne2 Be6 50. Nd4 Bd7 51. Qxd6 Rxc3 52. Ne2 Ra3 53.
Nf4 Nf7 54. Qf6 Ra7 55. Nd5 Rb7 56. Ne7+ Kf8 57. e5 Be6 58. Be4 Rc7 59. Bd5 1-0

[Event "9th Aeroflot Open A"]
[Site "Moscow RUS"]
[Date "2010.02.12"]
[Round "4"]
[White "Romanov, E."]
[Black "Pashikian, A."]
[Result "1/2-1/2"]
[WhiteElo "2599"]
[BlackElo "2647"]
[PlyCount "133"]
[EventDate "2010.02.09"]

1. c4 e5 2. g3 f5 3. d4 exd4 4. Qxd4 Nc6 5. Qe3+ Be7 6. Nc3 Nf6 7. Bg2 O-O 8.
Nh3 d6 9. O-O Ne5 10. Nd5 Nxd5 11. cxd5 Bf6 12. Qb3 a5 13. Qc2 Qe7 14. Bd2 c5
15. dxc6 bxc6 16. Nf4 Bd7 17. Nh5 Ng6 18. Nxf6+ Qxf6 19. Bc3 Qe7 20. e3 a4 21.
Rad1 Ne5 22. Qd2 Nc4 23. Qd4 d5 24. b3 axb3 25. axb3 Nd6 26. Qc5 Rf7 27. Bb4
Nc8 28. Qd4 Qe6 29. Qf4 Ne7 30. Ra1 Re8 31. Ra7 Ng6 32. Qd4 Qe5 33. Rfa1 Qb8
34. R1a3 Nf8 35. Qf4 Qxf4 36. gxf4 h6 37. Ra8 Nh7 38. Rxe8+ Bxe8 39. Ra8 Nf6
40. Bh3 Rb7 41. Bc3 Kf7 42. Bxf5 Bd7 43. Bxd7 Nxd7 44. b4 c5 45. bxc5 Nxc5 46.
Kg2 Ne6 47. f5 Nc5 48. Kf3 Ne4 49. Bd4 Rd7 50. h4 Nd6 51. Kf4 g6 52. fxg6+ Kxg6
53. Ke5 Nc4+ 54. Ke6 Rd6+ 55. Ke7 Ra6 56. Rg8+ Kh5 57. f4 Ra3 58. Kd7 Nxe3 59.
Rg3 Rd3 60. Bxe3 Kxh4 61. Rf3 Kg4 62. Rf1 Rxe3 63. f5 h5 64. f6 Ra3 65. Ke6 Ra8
66. f7 Rf8 67. Kxd5 1/2-1/2

[Event "9th Aeroflot Open A"]
[Site "Moscow RUS"]
[Date "2010.02.12"]
[Round "4"]
[White "Naiditsch, A."]
[Black "Salem, AR."]
[Result "1-0"]
[WhiteElo "2687"]
[BlackElo "2484"]
[PlyCount "73"]
[EventDate "2010.02.09"]

1. e4 e5 2. Nf3 Nc6 3. Bb5 f5 4. Nc3 fxe4 5. Nxe4 Nf6 6. Nxf6+ Qxf6 7. Qe2 Be7
8. Bxc6 dxc6 9. Qxe5 Bg4 10. Qxf6 Bxf6 11. d3 O-O-O 12. Rb1 Rd5 13. Be3 Bxf3
14. gxf3 Rf8 15. Ke2 g6 16. b3 Ra5 17. a4 b5 18. axb5 cxb5 19. d4 Rd8 20. b4
Ra3 21. Rhd1 Rd5 22. Ra1 Rc3 23. Kd2 Rxd4+ 24. Bxd4 Bxd4 25. Rxa7 Rxf3 26. Ra5
c6 27. Ke1 Rf4 28. f3 Kb7 29. Ra3 Kb6 30. c3 Be5 31. Rd7 Bc7 32. Rxh7 Rxf3 33.
Ke2 Rf8 34. h4 Rf4 35. Ra8 Be5 36. Raa7 c5 37. Rae7 1-0

[Event "9th Aeroflot Open A"]
[Site "Moscow RUS"]
[Date "2010.02.12"]
[Round "4"]
[White "Sargissian, G."]
[Black "Belov, Vl"]
[Result "1/2-1/2"]
[WhiteElo "2680"]
[BlackElo "2595"]
[PlyCount "37"]
[EventDate "2010.02.09"]

1. d4 Nf6 2. c4 g6 3. Nc3 d5 4. Bf4 Bg7 5. e3 O-O 6. Rc1 Be6 7. Qb3 c5 8. Qxb7
Qb6 9. Qxb6 axb6 10. Nf3 Nc6 11. dxc5 bxc5 12. Ne5 Nxe5 13. Bxe5 dxc4 14. Be2
Nd7 15. Bxg7 Kxg7 16. O-O Rfb8 17. Rc2 Ne5 18. Ra1 Nd3 19. Bxd3 1/2-1/2

[Event "9th Aeroflot Open A"]
[Site "Moscow RUS"]
[Date "2010.02.12"]
[Round "4"]
[White "Bocharov, D."]
[Black "Moiseenko, A1."]
[Result "1/2-1/2"]
[WhiteElo "2594"]
[BlackElo "2677"]
[PlyCount "67"]
[EventDate "2010.02.09"]

1. d4 Nf6 2. c4 e6 3. Nc3 Bb4 4. Qc2 Nc6 5. Nf3 d6 6. Bd2 O-O 7. a3 Bxc3 8.
Bxc3 Qe7 9. e3 e5 10. Be2 Bg4 11. d5 Nb8 12. e4 Nbd7 13. b4 c6 14. dxc6 bxc6
15. O-O Bh5 16. Rfe1 Rfd8 17. Rad1 Bg6 18. Bd3 Bh5 19. Qe2 Nf8 20. Qe3 Ne6 21.
c5 Ng4 22. cxd6 Rxd6 23. Qc1 Nxf2 24. Kxf2 Bxf3 25. Kxf3 Rad8 26. Bf1 Qf6+ 27.
Ke2 Nf4+ 28. Ke3 Qg5 29. Rxd6 Rxd6 30. Kf2 Rf6 31. Kg1 Nh3+ 32. Kh1 Nf2+ 33.
Kg1 Nh3+ 34. Kh1 1/2-1/2

[Event "9th Aeroflot Open A"]
[Site "Moscow RUS"]
[Date "2010.02.12"]
[Round "4"]
[White "So, W."]
[Black "Rakhmanov, Ale"]
[Result "1-0"]
[WhiteElo "2656"]
[BlackElo "2591"]
[PlyCount "69"]
[EventDate "2010.02.09"]

1. e4 c5 2. Nf3 Nf6 3. e5 Nd5 4. Nc3 Nxc3 5. dxc3 Nc6 6. Bf4 Qb6 7. b3 h6 8. h4
e6 9. Qd2 Qc7 10. O-O-O a6 11. c4 b5 12. Qe3 Bb7 13. Nd2 b4 14. Be2 a5 15. Ne4
Nxe5 16. Rd2 Qc6 17. f3 Ng4 18. Qg1 d5 19. cxd5 exd5 20. Qf1 O-O-O 21. fxg4
dxe4 22. Rxd8+ Kxd8 23. Bb5 Qf6 24. Qd1+ Qd4 25. c3 bxc3 26. Qe2 g5 27. Rd1
gxf4 28. Qc4 Rh7 29. Rxd4+ cxd4 30. Qxd4+ Kc7 31. Qd7+ Kb6 32. Bc4 Ba3+ 33. Kc2
Bc6 34. Qd8+ Kb7 35. Qg8 1-0

[Event "9th Aeroflot Open A"]
[Site "Moscow RUS"]
[Date "2010.02.12"]
[Round "4"]
[White "Potkin, V."]
[Black "Korobov, A."]
[Result "0-1"]
[WhiteElo "2611"]
[BlackElo "2648"]
[PlyCount "86"]
[EventDate "2010.02.09"]

1. d4 Nf6 2. c4 e6 3. Nc3 Bb4 4. e3 c5 5. Nf3 Nc6 6. Bd3 Bxc3+ 7. bxc3 d6 8. e4
e5 9. d5 Ne7 10. Nh4 h6 11. h3 Qc7 12. O-O g5 13. Qf3 Nfg8 14. Nf5 Nxf5 15.
exf5 f6 16. Qh5+ Kd8 17. h4 Qh7 18. g4 Bd7 19. hxg5 fxg5 20. f3 Nf6 21. Qh2 Qg7
22. Be3 h5 23. Qg2 hxg4 24. fxg4 Rh4 25. Be2 Qh6 26. Bf2 Rh3 27. Bg3 Kc7 28.
Kf2 Bxf5 29. Ke1 Be4 30. Qf2 Nd7 31. Kd2 Rf8 32. Qe3 Rf4 33. Bxf4 Rxe3 34. Bxe3
Nf6 35. Rae1 Qg6 36. Bd1 b5 37. Bb3 bxc4 38. Bxc4 Nxd5 39. Bxd5 Bxd5 40. Rf5
Be4 41. Rxg5 Qf7 42. Rd1 Bf3 43. Rc1 Qd5+ 0-1

[Event "9th Aeroflot Open A"]
[Site "Moscow RUS"]
[Date "2010.02.12"]
[Round "4"]
[White "Sebag, M."]
[Black "Predojevic, B."]
[Result "1/2-1/2"]
[WhiteElo "2510"]
[BlackElo "2642"]
[PlyCount "137"]
[EventDate "2010.02.09"]

1. e4 e5 2. Nf3 Nc6 3. Bb5 Nf6 4. O-O Nxe4 5. d4 Nd6 6. Bxc6 dxc6 7. dxe5 Nf5
8. Qxd8+ Kxd8 9. Nc3 Ne7 10. h3 Ng6 11. Ne4 h6 12. Re1 c5 13. Ng3 Be6 14. b3 a5
15. c4 a4 16. Bd2 Kd7 17. Nh5 Kc6 18. Bc3 Rg8 19. g4 Be7 20. Kg2 b5 21. cxb5+
Kxb5 22. bxa4+ Rxa4 23. a3 Rga8 24. Bb2 Nf4+ 25. Nxf4 Rxf4 26. Kg3 Raa4 27. Nd2
g5 28. Re3 Kc6 29. f3 Bd5 30. Nb1 Rac4 31. Nc3 Be6 32. Rae1 Rfd4 33. R1e2 Rd8
34. Rf2 Rcd4 35. Ne4 Rd3 36. Rfe2 c4 37. a4 Ra8 38. Rxd3 cxd3 39. Re3 Bc4 40.
Nd2 Kd5 41. Re4 Ba6 42. Bc3 Rb8 43. f4 gxf4+ 44. Rxf4 Ke6 45. Rf5 Rb6 46. Rh5
Bf8 47. Nf3 c5 48. g5 Kd7 49. gxh6 Bxh6 50. e6+ Rxe6 51. Rxc5 Bb7 52. Ne5+ Ke8
53. Nc4 Ba6 54. Bd2 Bf8 55. Rc7 Re4 56. Ra7 Bxc4 57. Ra8+ Ke7 58. Bb4+ Kd7 59.
Rxf8 Bd5 60. Rb8 Re2 61. Ba5 d2 62. Rb1 Bb3 63. Bxd2 Bc2 64. Rb7+ Kc6 65. Rxf7
Rxd2 66. Rf2 Rd3+ 67. Rf3 Rd2 68. Rf2 Rd3+ 69. Rf3 1/2-1/2

[Event "9th Aeroflot Open A"]
[Site "Moscow RUS"]
[Date "2010.02.12"]
[Round "4"]
[White "Safarli, E."]
[Black "Tregubov, P."]
[Result "1/2-1/2"]
[WhiteElo "2594"]
[BlackElo "2628"]
[PlyCount "131"]
[EventDate "2010.02.09"]

1. e4 c5 2. Nf3 e6 3. Nc3 Nc6 4. Bb5 Nge7 5. O-O a6 6. Bxc6 Nxc6 7. d4 cxd4 8.
Nxd4 Qc7 9. Nxc6 dxc6 10. Be3 Be7 11. a4 O-O 12. f4 b6 13. Qh5 Rd8 14. Rf3 g6
15. Qh6 Bf8 16. Qh4 Be7 17. Qf2 c5 18. f5 exf5 19. Nd5 Qb7 20. c4 Be6 21. exf5
Bxd5 22. cxd5 Qxd5 23. Rf1 Re8 24. h4 Bd6 25. h5 gxh5 26. Qh4 Be5 27. f6 Kh8
28. Qxh5 Qe4 29. Bh6 Rg8 30. Qxf7 Qg4 31. Bg7+ Rxg7 32. Qxg7+ Qxg7 33. fxg7+
Bxg7 34. b3 b5 35. axb5 axb5 36. Rf7 c4 37. bxc4 bxc4 38. Rc7 Bd4+ 39. Kh1 c3
40. Re1 Bf6 41. Re4 h6 42. Kh2 Bg7 43. Ree7 Bf6 44. Re6 Rf8 45. Kh3 Kg8 46. Kg4
Rf7 47. Rxf7 Kxf7 48. Kf5 Bg5 49. Rc6 Bd2 50. Rc7+ Ke8 51. Ke6 Kd8 52. Rc5 Be1
53. Kd6 Bd2 54. Rc4 Ke8 55. Ke6 Kd8 56. Rc6 Be1 57. Rc5 Bd2 58. Rc4 Be1 59. Kd6
Bd2 60. g3 Ke8 61. Rc7 Kd8 62. Rc6 Ke8 63. Ke6 Kd8 64. g4 Be1 65. Kd5 Bd2 66.
Ke4 1/2-1/2

[Event "9th Aeroflot Open A"]
[Site "Moscow RUS"]
[Date "2010.02.12"]
[Round "4"]
[White "Zhigalko, S."]
[Black "Ragger, M."]
[Result "1/2-1/2"]
[WhiteElo "2668"]
[BlackElo "2568"]
[PlyCount "92"]
[EventDate "2010.02.09"]

1. e4 e5 2. Nf3 Nc6 3. Bb5 a6 4. Ba4 Nf6 5. O-O Be7 6. Re1 b5 7. Bb3 d6 8. c3
O-O 9. h3 Bb7 10. d3 Na5 11. Bc2 c5 12. Nbd2 Nc6 13. Nf1 Re8 14. Ng3 Bf8 15.
Nh2 g6 16. Qf3 Bg7 17. h4 h5 18. Bg5 Qe7 19. Nhf1 Nd8 20. Ne3 Ne6 21. Ngf5 gxf5
22. Nxf5 Qd8 23. Qg3 Kh8 24. Nxg7 Kxg7 25. Bb3 Nxg5 26. Qxg5+ Kh8 27. Bxf7 Rf8
28. Qh6+ Nh7 29. Bg6 Qe7 30. Re3 Rf6 31. Rg3 Rg8 32. Qxh5 Bc6 33. Bf5 Rxg3 34.
fxg3 Qg7 35. Qf3 Rh6 36. Qf2 Nf6 37. g4 Nxg4 38. Bxg4 Qxg4 39. Qf8+ Kh7 40. Rf1
Rg6 41. Rf7+ Rg7 42. Rxg7+ Qxg7 43. Qxd6 Qg3 44. Qc7+ Kg8 45. Qxc6 Qe1+ 46. Kh2
Qxh4+ 1/2-1/2

[Event "9th Aeroflot Open A"]
[Site "Moscow RUS"]
[Date "2010.02.12"]
[Round "4"]
[White "Salgado Lopez, I."]
[Black "Amonatov, F."]
[Result "0-1"]
[WhiteElo "2584"]
[BlackElo "2634"]
[PlyCount "113"]
[EventDate "2010.02.09"]

1. e4 c5 2. Nf3 d6 3. d4 cxd4 4. Nxd4 Nf6 5. Nc3 a6 6. Be3 e5 7. Nb3 Be7 8. Be2
O-O 9. O-O Nc6 10. f3 a5 11. Qd2 a4 12. Nc1 a3 13. b3 Be6 14. Nd5 Bxd5 15. exd5
Nd4 16. c3 Nf5 17. Bf2 Nd7 18. Bd3 Bg5 19. Qe1 Nh4 20. Ne2 f5 21. f4 exf4 22.
Nd4 Ne5 23. Qd1 Qf6 24. Bxh4 Bxh4 25. Bxf5 Qh6 26. Qd2 Bg5 27. Qc2 g6 28. Be6+
Kh8 29. Rae1 Bf6 30. Re4 Bg7 31. Qd2 Rad8 32. Nf3 g5 33. Rb4 g4 34. Nxe5 Bxe5
35. Rxb7 Qg6 36. Rc7 f3 37. Rc4 f2+ 38. Kh1 g3 39. Rg4 Qh5 40. h3 Rf6 41. b4
Qh6 42. Qd3 Rg6 43. c4 Rxg4 44. Bxg4 Qf4 45. Be2 Bd4 46. Bg4 Qe3 47. Qd1 Bc3
48. Bf5 Qe1 49. Qd3 Re8 50. Be6 Bxb4 51. h4 Bc5 52. h5 h6 53. Qxg3 Qxf1+ 54.
Kh2 Qg1+ 55. Kh3 Qh1+ 56. Kg4 Qd1+ 57. Kh4 0-1

[Event "9th Aeroflot Open A"]
[Site "Moscow RUS"]
[Date "2010.02.12"]
[Round "4"]
[White "Volkov, Sergey1"]
[Black "Ghaem Maghami, E."]
[Result "1-0"]
[WhiteElo "2623"]
[BlackElo "2589"]
[PlyCount "101"]
[EventDate "2010.02.09"]

1. d4 Nf6 2. c4 e6 3. Nc3 Bb4 4. f3 d5 5. a3 Be7 6. e4 dxe4 7. fxe4 e5 8. d5
O-O 9. Nf3 Bg4 10. h3 Bxf3 11. Qxf3 Nbd7 12. Bd3 Bc5 13. Bd2 c6 14. O-O-O Bd4
15. Ne2 Re8 16. Kb1 Qb6 17. Bc1 Rac8 18. Rd2 cxd5 19. cxd5 Be3 20. Rc2 Rxc2 21.
Bxc2 Bxc1 22. Rxc1 Rc8 23. Rf1 Qc5 24. Bb3 Qe7 25. Ng3 g6 26. Qe3 Qc5 27. Qg5
Qb6 28. Ba4 Qa6 29. Bxd7 Qd3+ 30. Ka1 Nxd7 31. Qe7 Nc5 32. Qxf7+ Kh8 33. Nh5
gxh5 34. Qf6+ Kg8 35. Qg5+ Kh8 36. Rf3 Nb3+ 37. Ka2 Nc1+ 38. Qxc1 Qxd5+ 39.
exd5 Rxc1 40. Re3 Rc7 41. Rxe5 h4 42. Kb3 Kg7 43. Re4 Kf6 44. d6 Rg7 45. Rxh4
Ke5 46. Rh6 Kd5 47. g4 Rf7 48. g5 Kc6 49. h4 a5 50. d7+ Kxd7 51. Ka4 1-0

[Event "9th Aeroflot Open A"]
[Site "Moscow RUS"]
[Date "2010.02.12"]
[Round "4"]
[White "Iturrizaga, E."]
[Black "Papin, V."]
[Result "1-0"]
[WhiteElo "2616"]
[BlackElo "2548"]
[PlyCount "65"]
[EventDate "2010.02.09"]

1. c4 e6 2. Nf3 Nf6 3. d4 d5 4. e3 a6 5. b3 c5 6. Nbd2 Nc6 7. Bb2 cxd4 8. exd4
b6 9. Bd3 Bb7 10. O-O Be7 11. Qe2 O-O 12. Rac1 Re8 13. Rfd1 Qb8 14. Ne5 dxc4
15. Ndxc4 Qa7 16. Nxf7 Kxf7 17. Ne5+ Nxe5 18. dxe5 Nd5 19. Qh5+ Kf8 20. Qxh7
Bc5 21. Bg6 Rec8 22. Qh8+ Ke7 23. Qxg7+ Kd8 24. Rxc5 Rxc5 25. Qf8+ Kc7 26. Qd6+
Kc8 27. Bf7 Bc6 28. Bxe6+ Kb7 29. Rxd5 Qb8 30. Rxc5 Qxd6 31. exd6 bxc5 32. Bf6
Re8 33. Be7 1-0

[Event "9th Aeroflot Open A"]
[Site "Moscow RUS"]
[Date "2010.02.12"]
[Round "4"]
[White "Yudin, S."]
[Black "Andriasian, Z."]
[Result "1/2-1/2"]
[WhiteElo "2573"]
[BlackElo "2613"]
[PlyCount "44"]
[EventDate "2010.02.09"]

1. c4 e5 2. Nc3 Nc6 3. Nf3 Nf6 4. g3 g6 5. Bg2 Bg7 6. d4 exd4 7. Nxd4 O-O 8.
O-O Re8 9. e3 Nxd4 10. exd4 d6 11. h3 c6 12. Be3 Be6 13. d5 cxd5 14. cxd5 Bf5
15. Rc1 Ne4 16. Nxe4 Bxe4 17. Bxe4 Rxe4 18. Qc2 Qe7 19. b3 h5 20. Bf4 Rd8 21.
Bg5 f6 22. Bd2 f5 1/2-1/2

[Event "9th Aeroflot Open A"]
[Site "Moscow RUS"]
[Date "2010.02.12"]
[Round "4"]
[White "Khusnutdinov, R."]
[Black "Shabalov, A."]
[Result "1-0"]
[WhiteElo "2513"]
[BlackElo "2611"]
[PlyCount "81"]
[EventDate "2010.02.09"]

1. e4 c5 2. Nf3 d6 3. d4 cxd4 4. Nxd4 Nf6 5. Nc3 g6 6. Be3 Bg7 7. f3 O-O 8. Qd2
Nc6 9. O-O-O Nxd4 10. Bxd4 Be6 11. Kb1 Nd7 12. h4 Bxd4 13. Qxd4 Qa5 14. h5 Rac8
15. Nd5 Bxd5 16. exd5 Nf6 17. hxg6 fxg6 18. g3 Rc5 19. Bh3 Kf7 20. Be6+ Ke8 21.
g4 Qb5 22. Rhe1 Qc4 23. Qd2 Kd8 24. a3 Ne8 25. Re4 Qa6 26. Qe3 Nc7 27. Rf4 Rxf4
28. Qxf4 Qb5 29. Qf7 h5 30. Qxg6 hxg4 31. fxg4 Nxe6 32. Qg8+ Qe8 33. Qxe6 Qa4
34. Qf5 Qd7 35. Qe4 b5 36. g5 Rc4 37. Rd4 Rxd4 38. Qxd4 Qf5 39. g6 Ke8 40. b3
Qxg6 41. Qxa7 1-0

[Event "9th Aeroflot Open A"]
[Site "Moscow RUS"]
[Date "2010.02.12"]
[Round "4"]
[White "Lenic, L."]
[Black "Javakhishvili, L."]
[Result "1/2-1/2"]
[WhiteElo "2595"]
[BlackElo "2493"]
[PlyCount "67"]
[EventDate "2010.02.09"]

1. d4 d5 2. c4 c6 3. Nf3 Nf6 4. e3 Bf5 5. Nc3 e6 6. Nh4 Be4 7. f3 Bg6 8. Qb3
Qc7 9. Bd2 Be7 10. Nxg6 hxg6 11. g3 Nbd7 12. Rc1 Nb6 13. cxd5 exd5 14. Kf2 Qd7
15. Bd3 O-O 16. Ne2 Rac8 17. Kg2 c5 18. Bb5 Qd8 19. dxc5 Bxc5 20. Bb4 Bxb4 21.
Qxb4 a6 22. Bd3 Nc4 23. Bxc4 dxc4 24. Rhd1 Nd5 25. Qd2 Ne7 26. e4 b5 27. Nf4
Qxd2+ 28. Rxd2 Rfd8 29. Rcd1 Rxd2+ 30. Rxd2 g5 31. Ne2 Nc6 32. Nc3 Kf8 33. Kf2
Ne5 34. Ke2 1/2-1/2

[Event "9th Aeroflot Open A"]
[Site "Moscow RUS"]
[Date "2010.02.12"]
[Round "4"]
[White "Novikov, St1"]
[Black "Hou Yifan"]
[Result "0-1"]
[WhiteElo "2557"]
[BlackElo "2590"]
[PlyCount "84"]
[EventDate "2010.02.09"]

1. c4 e6 2. g3 Nf6 3. Bg2 d5 4. Nf3 Be7 5. O-O O-O 6. d4 dxc4 7. Qc2 a6 8. a4
Bd7 9. Qxc4 Bc6 10. Bg5 Bd5 11. Qd3 Be4 12. Qe3 Nbd7 13. Nc3 Bc6 14. Qd3 Bb4
15. a5 Bxf3 16. Qxf3 c6 17. e4 h6 18. Be3 Bxa5 19. e5 Nd5 20. Nxd5 cxd5 21. Qg4
Kh7 22. f4 Bb6 23. Rae1 f5 24. exf6 Qxf6 25. Bxd5 exd5 26. Qxd7 Bxd4 27. Qxb7
Bxb2 28. Qxd5 a5 29. Bc1 Bd4+ 30. Kg2 Rfe8 31. Ba3 Rad8 32. Qb5 Qg6 33. f5 Qf7
34. Rxe8 Rxe8 35. Bb2 Re5 36. Qd3 Qd5+ 37. Kh3 Bxb2 38. Qc2 Ba3 39. f6+ Qe4 40.
Qxe4+ Rxe4 41. Ra1 Bb4 42. f7 Re5 0-1

[Event "9th Aeroflot Open A"]
[Site "Moscow RUS"]
[Date "2010.02.12"]
[Round "4"]
[White "Svetushkin, D."]
[Black "Iljushin, A."]
[Result "1/2-1/2"]
[WhiteElo "2573"]
[BlackElo "2551"]
[PlyCount "127"]
[EventDate "2010.02.09"]

1. d4 e6 2. e4 d5 3. Nc3 Nf6 4. e5 Nfd7 5. f4 c5 6. Nf3 Nc6 7. Be3 a6 8. Qd2 b5
9. Be2 b4 10. Nd1 a5 11. O-O g6 12. c4 bxc3 13. Nxc3 Ba6 14. Rac1 Bxe2 15. Qxe2
c4 16. g4 Nb6 17. f5 Be7 18. f6 Bb4 19. Bh6 Nd7 20. Nxd5 exd5 21. e6 Nxf6 22.
exf7+ Kd7 23. Ne5+ Nxe5 24. Qxe5 Ra6 25. Bg7 Re6 26. Bxf6 Rxe5 27. Bxd8 Re4 28.
Bxa5 Rxg4+ 29. Kh1 Bxa5 30. f8=Q Rxf8 31. Rxf8 Rxd4 32. Rc2 Rh4 33. Rf6 Bc7 34.
a4 Be5 35. Ra6 d4 36. Rf2 Bf4 37. Rf6 g5 38. a5 d3 39. a6 Kc7 40. Rf7+ Kb8 41.
Rd7 Rh6 42. a7+ Ka8 43. b3 Re6 44. bxc4 Re1+ 45. Kg2 d2 46. Rf1 Re2+ 47. Kf3
Re1 48. Kf2 Rc1 49. Ke2 h5 50. h4 Rxc4 51. hxg5 Re4+ 52. Kf2 Bxg5 53. Rb1 Re8
54. Rb5 Bh6 55. Kf3 Rf8+ 56. Ke2 Re8+ 57. Kf3 Rf8+ 58. Ke2 Re8+ 59. Kf2 Rf8+
60. Kg3 Bf4+ 61. Kh4 Rf7 62. Rd3 Rb7 63. Rf5 Rb1 64. Rxf4 1/2-1/2

[Event "9th Aeroflot Open A"]
[Site "Moscow RUS"]
[Date "2010.02.12"]
[Round "4"]
[White "Laylo, D."]
[Black "Danin, A."]
[Result "1/2-1/2"]
[WhiteElo "2556"]
[BlackElo "2519"]
[PlyCount "66"]
[EventDate "2010.02.09"]

1. c4 Nf6 2. Nc3 c5 3. Nf3 d5 4. cxd5 Nxd5 5. g3 Nc6 6. Bg2 Nc7 7. O-O e5 8. d3
Be7 9. Nd2 Bd7 10. Nc4 b5 11. Ne3 Rc8 12. f4 f6 13. Ned5 Nxd5 14. Nxd5 exf4 15.
Bxf4 O-O 16. e4 Be6 17. Rc1 Bd6 18. Be3 Ne5 19. b3 Qd7 20. Qd2 Kh8 21. d4 cxd4
22. Bxd4 Ng4 23. Rxc8 Rxc8 24. Rc1 Rxc1+ 25. Qxc1 Kg8 26. Qd2 h5 27. Bh3 Kf7
28. Qa5 Qc6 29. Qd2 Bxd5 30. exd5 Qxd5 31. Bg2 Qf5 32. h3 Ne5 33. Bxe5 Qxe5
1/2-1/2